00325nam a2200121Ia 4500008004100000041000800041082001200049100001900061245004500080260003500125300003200160365001100192240624s9999 xx 000 0 und d aeng a954 THA aTHAROOR SHASHI aINDIA FROM MIDNIGHT TO THE MILLENNIUM AN c2007aNew DelhibPenguin Books axxix, : 389 : p. : cm. ; 19 cRSb30